000 00728nam a2200217Ia 4500
005 20241129111012.0
008 241129s9999||||xx |||||||||||||| ||und||
020 _a978-3-030-78323-5
037 _aTB
040 _aCRL
_beng
_cCRL
041 _aeng
_2eng
084 _aW94 R1
_qCRL
100 _aMansbach Richard W. Au.; Ferguson Yale H. Au.
_9723121
245 0 _aPopulism and globalization: the return of nationalism and the global liberal order
_cMansbach Richard W. Au.; Ferguson Yale H. Au.
260 _aCham, Switzerland
_bPalgrave Macmillan
_c2021
300 _axiv,529p.l
365 _aEURO
_b69.99
650 _aPolitical ScienceNationality
_9726285
942 _cTB
_hW94 R1
999 _c1228479
_d1228479